00333pab a2200133 454500008004000000100001300040245006400053260000900117300001300126362001100139650001300150700001600163773002000179180718b2003 xxu||||| |||| 00| 0 eng d aAmardeep aForestry education in India: challenges and recommendations c2003 ap.12-14. a22 Dec aForestry aSingh, B.B. aUniversity News